|
|
|
|
| LEADER |
00943nam a2200241 u 4500 |
| 001 |
10021215 |
| 003 |
upatras |
| 005 |
20210117205525.0 |
| 008 |
990406s1992 uk eng |
| 040 |
|
|
|a GR-PaULI
|c GR-PaULI
|
| 041 |
0 |
|
|a eng
|
| 082 |
0 |
4 |
|a 712
|
| 100 |
1 |
|
|a Lyall, Sutherland
|9 8131
|
| 245 |
1 |
0 |
|a Designing the new landscape
|c Sutherland Lyall; foreword by Geoffrey Jellicoe
|
| 260 |
|
|
|a London
|b Thames and Hudson
|c 1992
|
| 300 |
|
|
|a 240 p.
|b phot.
|c 29 cm.
|
| 650 |
|
4 |
|a Αρχιτεκτονική τοπίου
|9 8017
|
| 700 |
1 |
|
|a Jellicoe, Geoffrey
|4 aui
|9 128895
|
| 852 |
|
|
|a GR-PaULI
|b ΠΑΤΡΑ
|b ΑΡΧΙΤΕΚΤΟΝΙΚΗ
|k ΑΣΧΞ-2
|h 712 LYA
|m 39427
|p 025000214764
|t 1
|
| 942 |
|
|
|2 ddc
|c BK15
|
| 952 |
|
|
|0 0
|1 0
|4 0
|6 712_000000000000000_LYA
|7 0
|9 182697
|a ARCH
|b ARCH
|d 2016-04-24
|i 39427
|l 4
|m 2
|o 712 LYA
|p 025000214764
|r 2025-01-20 11:13:54
|s 2025-01-17
|t 1
|w 2016-04-24
|y BK15
|
| 998 |
|
|
|c ΠΑΝΑΓΟΠΟΥΛΟΥ
|d 1999-04
|
| 999 |
|
|
|c 112777
|d 112777
|